Organizational citizenship behavior : the good soldier syndrome /

Bibliographic Details
Main Author: Organ, Dennis W.
Format: Book
Language:English
Published: Lexington, Mass. : Lexington Books, [1988]
Series:Issues in organization and management series.
Subjects:

MARC

Tag First Indicator Second Indicator Subfields
LEADER 00000cam a2200000 a 4500
001 in00000035132
005 20151007055310.0
008 880509s1988 maua b 00110 eng
010 |a  85045471  
020 |a 0669117889 (alk. paper) 
035 |a (OCoLC)16579577 
035 |9 AAB7836AM 
040 |a DLC  |c DLC  |d TXA  |d UtOrBLW 
049 |a TXAM  |c [A11088220] 
050 0 0 |a HD58.7  |b .O6684 1988 
082 0 |a 158.7  |2 19 
100 1 |a Organ, Dennis W. 
245 1 0 |a Organizational citizenship behavior :  |b the good soldier syndrome /  |c Dennis W. Organ. 
264 1 |a Lexington, Mass. :  |b Lexington Books,  |c [1988] 
264 4 |c ©1988 
300 |a xiii, 132 pages :  |b illustrations ;  |c 24 cm. 
336 |a text  |b txt  |2 rdacontent 
337 |a unmediated  |b n  |2 rdamedia 
338 |a volume  |b nc  |2 rdacarrier 
490 1 |a Issues in organization and management series 
504 |a Bibliography: pages [121]-127. 
500 |a Includes index. 
650 0 |a Organizational behavior. 
650 0 |a Psychology, Industrial. 
650 0 |a Cooperativeness. 
650 0 |a Job satisfaction. 
650 0 |a Fairness. 
830 0 |a Issues in organization and management series. 
999 |a MARS 
999 f f |s 7d7e77f5-885d-3416-99e7-33a31e97d2cb  |i 5bdefdca-68ea-3fb8-8dc1-406817b65178  |t 0 
952 f f |p ric  |a Texas A&M University  |b Rellis Campus  |c Joint Library Facility  |d Remote Storage  |t 0  |e HD58.7 .O6684 1988  |h Library of Congress classification  |i unmediated -- volume  |m A14811088220 
998 f f |a HD58.7 .O6684 1988  |t 0  |l Remote Storage